000 00736nam a2200229 i 4500
001 22074
003 ES-MaACL
005 20250813040329.0
007 t|
008 021129s1965 sp ||||1| ita d
080 _a52"04/14"(043.2)
100 1 _aKnecht, Pierre.
_968331
245 1 2 _aI libri astronomici di Alfonso el Sabio in una versione fiorentina del Trecento /
_cda Pierre Knecht.
260 _aZaragoza :
_bLibrería General,
_c1965.
300 _aXl, 243 p. ;
_c24 cm.
502 _aTesis-Universidad Zurich.
600 0 4 _aAlfonso
_bX,
_cRey de Castilla
_919872
650 7 _aAstronomía medieval
_2embne
_9173791
700 1 _aKnecht, Pierre.
_968331
852 4 _aES-MaACL
_jC-29850
999 _c22074
_d22074